| 000 | 00559nam a2200205 a 4500 | ||
|---|---|---|---|
| 005 | 20240924070442.0 | ||
| 008 | 031008s1957 mx r 000 0 spa d | ||
| 035 | _aUPN01000129737 | ||
| 049 | _aCG | ||
| 050 | 4 |
_aUA17 _bM4.38 |
|
| 100 | 1 | _aMenken, Jules | |
| 245 | 1 | 0 |
_aEconomía y rearme / _cJules Menken ; tr. J. Rovira Armengol. |
| 260 |
_aBuenos Aires : _bAngora, _c1957. |
||
| 300 | _a127 p. | ||
| 440 | 0 |
_aTemas actuales ; _v13 |
|
| 650 | 4 |
_aARMAMENTOS _97862 |
|
| 650 | 4 |
_aGastos públicos _911580 |
|
| 650 | 4 | _aPOLITICA MILITAR | |
| 905 | _aLibro | ||
| 999 |
_c101894 _d101894 |
||